MARC

LEADER 00000nam0a2200000 4500
001 290571
005 20231102000312.0
020 |a RU  |b 83-61667 
035 |a (RuTPU)RU\TPU\book\315124 
090 |a 290571 
100 |a 20150407d1983 m y0rusy5003 ca 
101 0 |a rus 
102 |a RU 
105 |a y z 000zy 
200 1 |a Простые истины воспитания  |f Б. Т. Лихачев 
210 |a Москва  |c Педагогика  |d 1983 
215 |a 192 с. 
225 1 |a Библиотечная серия 
606 1 |a Воспитание в семье  |2 stltpush  |3 (RuTPU)RU\TPU\subj\3706  |9 32082 
610 1 |a педагогика 
610 1 |a семейное воспитание 
610 1 |a дети 
610 1 |a трудовое воспитание 
610 1 |a антирелигиозная работа 
610 1 |a личность 
610 1 |a идеалы 
610 1 |a воля 
610 1 |a доброта 
610 1 |a дисциплинированность 
610 1 |a родители 
610 1 |a авторитет 
610 1 |a самовоспитание 
686 |a Ч49  |2 rubbk 
700 1 |a Лихачев  |b Б. Т.  |g Борис Тимофеевич  |4 070 
801 0 |a RU  |b RuMRKP  |c 19950704  |g psbo 
801 1 |a RU  |b 63413507  |c 20150407 
801 2 |a RU  |b 63413507  |c 20180220  |g RCR 
942 |c BK